Βιοϋλικά : η διεπαφή μεταξύ της επιστήμης των υλικών και της βιολογίας
Αποθηκεύτηκε σε:
| Κύριος συγγραφέας: | |
|---|---|
| Άλλοι συγγραφείς: | |
| Μορφή: | Βιβλίο |
| Γλώσσα: | Greek English |
| Δημοσίευση: |
Αθήνα :
Utopia,
c2017.
|
| Θέματα: | |
| Ετικέτες: |
Προσθήκη ετικέτας
Δεν υπάρχουν, Καταχωρήστε ετικέτα πρώτοι!
|
MARC
| LEADER | 00000nam a2200000 a 4500 | ||
|---|---|---|---|
| 001 | 1/116402 | ||
| 008 | 180504s2017####gr | ||| |||| ||gre|| | ||
| 020 | |a 9786185173272 | ||
| 040 | |a GR-MyUa |b gre |c GR-MyUa |e AACR2 | ||
| 041 | 1 | |a gre |h eng | |
| 082 | 7 | |a 610.284 |2 (23) | |
| 100 | 1 | |a Temenoff, J. S. | |
| 245 | 1 | 0 | |a Βιοϋλικά : |b η διεπαφή μεταξύ της επιστήμης των υλικών και της βιολογίας / |c J.S. Temenoff, A.G. Mikos ; επιστημονική επιμέλεια ελληνικής έκδοσης Ελευθέριος Αμανατίδης ... [κ. ά.]. |
| 260 | |a Αθήνα : |b Utopia, |c c2017. | ||
| 300 | |a xviii, 494 σ. : |b εικ. ; |c 29 εκ. | ||
| 500 | |a Τίτλος πρωτοτύπου: Biomaterials : the intersection of biology and materials science. | ||
| 504 | |a Περιλαμβάνει βιβλιογραφικές παραπομπές και ευρετήριο. | ||
| 650 | 0 | |a Biomedical materials. | |
| 700 | 1 | |a Mikos, Antonios G. | |
| 852 | |a INST |b SYROS |c EUDOXUS |e 20180504 |h 610.284 TEM |p 005500013364 |q 005500013364 |t EDX |y 0 | ||
| 920 | |a Εύδοξος |b Παραγγελία |y Σύρος-ΤΜΣΠΣ |z 2018-05 | ||
| 970 | |a Κοντού |b Παρασκευή |z 04/05/2018 | ||